Leonardo, el primero que se comió el queso : (Registro nro. 14147)

Detalles MARC
000 -LIDER
fixed length control field 00842nam a2200265 4500
001 - NÚMERO DE CONTROL
Identificador de número de control
003 - IDENTIFICACDOR DE NÚMERO DE CONTROL
control field
005 - DATE AND TIME OF LATEST TRANSACTION
control field 20220407115613.0
008 - ELEMENTOS DE LONGITUD FIJA
fixed length control field 020422s2002 sp | ||| ||spa
020 ## - ISBN
International Standard Book Number 8480887400
040 ## - FUENTE DE CATALOGACIÓN
Agencia que crea de manera original el registro BPMSU
Idioma de catalogación spa
Agencia que realiza la transcripción BPMSU
Convenciones de la despripción
082 ## - NÚMERO DE CLASIFICACIÓN DECIMAL DE DEWEY
Classification number 658.409
Item number M764 L 2002
Edition number 22
100 1# - ASIENTO PRINCIPAL -- NOMBRE PERSONAL
Nombre personal Montaner, Ramón
Authority record control number
245 10 - MENCIÓN DE TITULO
Título Leonardo, el primero que se comió el queso :
Medio (Designación general de material)
Subtítulo o las grandes lecciones de Leonardo da Vinci para dirigir con éxito el cambio de época /
Mención de responsabilidad Ramón Montaner
260 ## - PUBLICACIÓN, DISTRIBUCIÓN, ETC. (PIE DE IMPRENTA)
Lugar de publicación, distribución, etc Barcelona :
Nombre del editor, distribuidor, etc. Gestión 2000,
Fecha de publicación, distribución, etc 2002
300 ## - DESCRIPCIÓN FÍSICA
Extensión 246 p. ;
Dimensiones 23 cm
Otros detalles físicos
504 ## - NOTA DE BIBLIOGRAFÍA, ETC.
Bibliography, etc Bibliografía: p. 243-246
590 ## - NOTA LOCAL
Enlace Inventariado, 2022/VM
600 #4 - ENCABEZAMIENTO DE MATERIA--NOMBRE PERSONAL
Nombre personal Leonardo da Vinci
Fechas asociadas con el nombre 1452-1519
650 #4 - ENCABEZAMIENTO DE MATERIA--TEMÁTICO
Término temático o nombre geográfico como elemento de entrada Cambio organizacional
Fuente del encabezamiento o término
650 #4 - ENCABEZAMIENTO DE MATERIA--TEMÁTICO
Término temático o nombre geográfico como elemento de entrada Cambio (Psicología)
Fuente del encabezamiento o término
910 ## - VALIDACIÓN
Validación VMateo V.
942 ## - ADDED ENTRY ELEMENTS (KOHA)
Source of classification or shelving scheme Dewey Decimal Classification
Koha item type Libros
956 ## - LOCAL ELECTRONIC LOCATION AND ACCESS (OCLC)
Nombre de host
Existencias
Withdrawn status Lost status Source of classification or shelving scheme Damaged status Not for loan Collection code Home library Current library Date acquired Full call number Barcode Date last seen Price effective from Koha item type
    Dewey Decimal Classification     Colección General Biblioteca Pública Metropolitana Salomé Ureña Biblioteca Pública Metropolitana Salomé Ureña 04/07/2022 BPMSU CG 658.409 M764 L 2002 BPMSU22040022 04/07/2022 04/07/2022 Libros